00626 a2200181 4500999001900000001000600019003000500025005001700030008004100047020001800088082001900106100002700125245009000152260004700242300001700289942003800306952010000344 c321245d32124586172NUST20180122091459.0180122b xxu||||| |||| 00| 0 eng d a9781107019058 a352.350954 BUS aJennifer Bussell99413 aCorruption and reform in India : public services in the digital agecJennifer Bussell aNew YorkbCambridge University Pressc2012 axiii, 306 p. aCAE NUSTcBKk352.350954 BUS2ddc 001040708NFICaCAEbCAEd2017-04-03l0o352.350954 BUSpCAE85086r2017-04-05w2017-04-05yBK